Tilastot visalle Valtiot, joiden nimessä on Z

Klikkaa tästä pelataksesi tätä visaa!

Yleistilastot

  • Tätä visaa on pelattu 746 kertaa
  • Keskiarvotulos 6 / 9

Vastaustilastot

valtio% Oikein
Zimbabwe
94%
Azerbaidžan
74%
Uzbekistan
72%
Tadžikistan
67%
Kazakstan
65%
Venezuela
55%
Fidži
51%
Belize
46%
Kambodža
44%

Tulosjakauma

Persentiili vastausten määrän mukaan

Jokaisen tuloksen saaneiden osuus

Tuloshistoriasi

Et ole pelannut tätä visaa